| 000 | 00724nam a2200217 a 4500 | ||
|---|---|---|---|
| 001 | 2262 | ||
| 003 | CDMR | ||
| 005 | 20131128111917.0 | ||
| 008 | 130130s1999||||sp |||||||||||||||||cat|d | ||
| 020 | _a8473065808 | ||
| 040 |
_aCDMR _bcat _cCDMR |
||
| 100 | 1 |
_aBaget i Herms, Josep Maria _948 |
|
| 245 | 1 | 0 |
_aQuaranta anys de televisió a Catalunya _cJosep M. Baget i Herms ; amb la col·laboració de Montserrat Carvajal |
| 260 |
_aBarcelona _bPòrtic _c1999 |
||
| 300 | _a239 p. | ||
| 490 |
_aPòrtic (Centre d'Investigació de la Comunicació) _v3 |
||
| 650 | 0 | 4 |
_93127 _aTelevisió _zCatalunya _xHistòria |
| 700 | 1 |
_93346 _aCarvajal, Montserrat |
|
| 710 | 1 |
_9304 _aCentre d'Investigació de la Comunicació |
|
| 942 |
_cMON _2udc |
||
| 999 |
_c2262 _d2262 |
||